000
00266nam a22001217a 4500
008
170227b xxu||||| |||| 00| 0 eng d
041
_a
eng
080
_a
577
100
_a
5
101
_a
SHMB
245
_a
CELLULOSIC ION EXCHANGERS
_c
PETERSON, E.A
942
_2
udc
_c
BK
999
_c
6336
_d
6336